000 00811nam a2200241 i 4500
001 83826
003 ES-MaACL
005 20250804072412.0
007 t|
008 041118s1984 sp ||||1| spa d
100 1 _aIonesco, Eugène,
_d1909-1994
_965378
245 1 4 _aLas sillas
_b: ; La lección ; El maestro /
_cEugène Ionesco ; [traductor, Luis Echávarri ; revisión de Miguel Salabert].
260 _aMadrid :
_bAlianza,
_c[1984]
300 _a157 p. ;
_c18 cm.
490 1 _aEl libro de bolsillo. Literatura ;
_v1050
700 1 _aEchávarri, Luis.
_946507
700 1 _aSalabert, Miguel.
_9101686
740 3 _aLa lección.
740 3 _aEl maestro.
830 0 3 _aEl libro de bolsillo.
_pLiteratura
_v1050
_9180913
852 _aES-MaACL
_jL-6660
_bR.107430
999 _c83826
_d83826